Systém dôchodkového zabezpečenia v Slovenskej republike

Salvato in:
Dettagli Bibliografici
Autore principale: Lubyová, Martina
Natura: Libro
Lingua:slovacco
Pubblicazione: Bratislava Prognostický ústav SAV 1996
Edizione:1. vyd.
Serie:Pracovné materiály č.2
Soggetti:
Tags: Aggiungi Tag
Nessun Tag, puoi essere il primo ad aggiungerne!!

MARC

LEADER 00000nam a2200000 4500
001 c015821
005 20221214072114.4
041 0 |a slo 
044 |a SK 
245 1 0 |a Systém dôchodkového zabezpečenia v Slovenskej republike  |c Martina Lubyová 
250 |a 1. vyd. 
264 1 |a Bratislava  |b Prognostický ústav SAV  |c 1996 
300 |a 50 s. 
490 1 |a Pracovné materiály  |v č.2 
830 0 |a Pracovné materiály  |v č.2 
610 2 0 |a zabezpečenie dôchodkové 
610 2 0 |a Slovensko 
610 2 0 |a dôchodky 
610 2 0 |a dôchodky starobné 
610 2 0 |a predpisy právne 
610 2 0 |a valorizácia 
100 1 |a Lubyová, Martina